header

Classroom-based research and evidence-based practice (Record no. 31528)

MARC details
000 -LEADER
fixed length control field 01201nam a2200313Ia 4500
100 1# - MAIN ENTRY--AUTHOR NAME
Personal name Taber, Keith.
245 10 - TITLE STATEMENT
Title Classroom-based research and evidence-based practice
260 ## - PUBLICATION, DISTRIBUTION, ETC. (IMPRINT)
Place of publication London :
Name of publisher SAGE,
Year of publication 2007.
300 ## - PHYSICAL DESCRIPTION
Number of Pages vii, 199 p.
650 #0 - SUBJECT ADDED ENTRY--TOPICAL TERM
Topical Term Teaching
Topical Term Education
856 40 - ELECTRONIC LOCATION AND ACCESS
Uniform Resource Identifier http://site.ebrary.com/lib/rucke/Doc?id=10256905

No items available.

© 2026 Rongo University
Contact us: librarian | system librarian | Rongo university